UBT Library

Webster's II new college dictionary. (Record no. 41222)

000 -LEADER
fixed length control field 00732cam a2200241 a 4500
001 - CONTROL NUMBER
control field 11925692
005 - DATE AND TIME OF LATEST TRANSACTION
control field 20180130034230.0
008 - FIXED-LENGTH DATA ELEMENTS--GENERAL INFORMATION
fixed length control field 000229s1999 maua d 000 0 eng
010 ## - LIBRARY OF CONGRESS CONTROL NUMBER
LC control number 00265315
020 ## - INTERNATIONAL STANDARD BOOK NUMBER
International Standard Book Number 0395962145
040 ## - CATALOGING SOURCE
Original cataloging agency DLC
Transcribing agency DLC
Modifying agency DLC
041 ## - LANGUAGE CODE
Language code of text/sound track or separate title eng
080 ## - UNIVERSAL DECIMAL CLASSIFICATION NUMBER
Universal Decimal Classification number 423 HOU
082 00 - DEWEY DECIMAL CLASSIFICATION NUMBER
Classification number 423 HOU
Edition number 21
100 ## - Rafti
Rafti 24
101 ## - Shkurtesa
Shkurtesa FJA
245 00 - TITLE STATEMENT
Title Webster's II new college dictionary.
246 3# - VARYING FORM OF TITLE
Title proper/short title Webster's two new college dictionary
246 3# - VARYING FORM OF TITLE
Title proper/short title Webster's 2 new college dictionary
906 ## - LOCAL DATA ELEMENT F, LDF (RLIN)
a 7
b cbc
c origcop
d 2
e ncip
f 20
g y-gencatlg
942 ## - ADDED ENTRY ELEMENTS (KOHA)
Source of classification or shelving scheme
Item type Books
Holdings
Withdrawn status Lost status Source of classification or shelving scheme Damaged status Not for loan Collection code Permanent location Current location Shelving location Date acquired Total Checkouts Full call number Barcode Date last seen Price effective from Koha item type
          Koleksioni i përgjithshem UBT - Lipjan UBT - Lipjan Koleksioni i përgjithshem 01/30/2018   423 HOU 002-2997032 01/30/2018 01/30/2018 Books
UBT Library © 2015-2024. All rights reserved University Education for Business and Technology